000 00432nam a2200145Ia 4500
008 211109s9999||||xx |||||||||||||| ||und||
082 _a894.81207
_bJOS-V
100 _aJose, Cicili
245 0 _aVarshathu Adhuneeka Kavithakalil
260 _bCurrent Books No 3317
_aKottayam
_c1994
300 _a124p.
630 _xGeneral stack
650 _aMalayalam literature
_vLiterature & rhetoric
_xMalayalam studyGeneralia
942 _cBOOK
999 _c48661
_d48661